Szczegóły MARC21

Być chrześcijaninem /

003 -Nazwa inst., której nr kontr. jest w polu 001 [,]
    • @
    • Nazwa instytucji, której n kontrolny jest w polu 001
    • NUKAT
005 -DATA I CZAS OSTATNIEJ MODYFIKACJI [,]
    • @
    • pole kontrolne
    • 20241231104357.0
040 -Instytucja sporządzająca opis [ , ]
    • a
    • Instytucja, która sporządziła opis (NP)
    • KR 295/MAP
    • c
    • Instytucja, która sporządziła rekord (NP)
    • KR 295/MAP
    • d
    • Instytucja, która zmodyfikowała rekord (P)
    • KR 295/MAP
    • d
    • Instytucja, która zmodyfikowała rekord (P)
    • KR 295/MGs
    • d
    • Instytucja, która zmodyfikowała rekord (P)
    • WR 194/JK
041 -Język dokumentu [1, ]
    • a
    • Język tekstu (P)
    • polski
    • h
    • Język tekstu oryginalnego i/lub pośredniego (P)
    • angielski
942 -Rodzaj dokumentu [ , ]
    • c
    • Rodzaj dokumentu
    • Książka
100 -Hasło główne - nazwa osobowa [1, ]
    • a
    • Nazwa osobowa (NP)
    • Carter, Edward J.
    • d
    • Daty biograficzne (NP)
    • (1929-2000).
    • 9
    • KHW
    • 348752
240 -Tytuł ujednolicony [1,0]
    • a
    • Tytuł ujednolicony
    • Response in Christ
    • l
    • Język tekstu
    • (pol.)
    • 9
    • KHW
    • 652010
245 -Strefa tytułu i oznaczenia odpowiedzialności [1,0]
    • a
    • Tytuł
    • Być chrześcijaninem / Find
    • c
    • Pozostałe elementy strefy tytułu i oznaczenia odpowiedzialności (NP)
    • Edward Carter ; przeł. Tadeusz Mieszkowski.
260 -Strefa adresu wydawniczego [ , ]
    • a
    • Miejsce wydania (P)
    • Warszawa :
    • b
    • Nazwa wydawcy (P)
    • Instytut Wydawniczy PAX,
    • c
    • Data wydania (P)
    • 1974.
300 -Strefa opisu fizycznego [ , ]
    • a
    • Określenie formy książki i/lub objętość (NP)
    • 245, [3] s. ;
    • c
    • Format (NP)
    • 20 cm.
336 -Typ zawartości [ , ]
    • a
    • Termin opisujący typ zawartości
    • Tekst
    • b
    • Kod określający zawartość
    • txt
    • 2
    • Źródło (terminu i kodu)
    • rdacontent
337 -Typ mediów [ , ]
    • a
    • Tryb odtwarzania
    • Bez urządzenia pośredniczącego
    • b
    • Kod typu mediów
    • n
    • 2
    • Źródło (terminu i kodu)
    • rdamedia
338 -Typ/rodzaj nośnika [ , ]
    • a
    • Hasło opisujące typ nośnika
    • Wolumin
    • b
    • Kod typu nośnika
    • nc
    • 2
    • Źródło (terminu i kodu)
    • rdacarrier
650 -Hasło przedmiotowe [ ,7]
    • a
    • Hasło przedmiotowe
    • Chrześcijaństwo.
    • 2
    • Źródło terminu
    • kaba
    • 9
    • KHW
    • 104929
700 -Hasło dodatkowe - nazwa osobowa [1, ]
    • a
    • Nazwa osobowa (NP)
    • Mieszkowski, Tadeusz. Find
    • e
    • Określenie rodzaju współpracy
    • Tł.
    • 9
    • KHW
    • 10529
710 -Hasło dodatkowe - nazwa ciała zbiorowego [2, ]
    • a
    • Nazwa ciała zbiorowego lub nazwa geograficzna jako pierwszy element (NP)
    • Instytut Wydawniczy "Pax".
    • 4
    • Kod relacji
    • pbl
    • 9
    • KHW
    • 53061
Status udost. Uwagi nie widoczne w OPAC Numer inwentarzowy Sygnatura Lokalizacja
-3 W.30418W.30418BG
1retrokonwersja ANSANS.1154392/C-27.BNS